Cestovný poriadok k zabezpečeniu prepravy účastníkov osláv 150. výročia narodenia Ľudovíta Štúra v Uhrovci dňa 31. októbra 1965

Zobrazenie: program

Bibliographic Details
Format: Photo
Language:Slovak
PhysicalDescription:1 plagát 48 x 42 cm
Published: [S.l. s.n. 1965?]
Subjects:

MARC

LEADER 00000nkm a2200000 a 4500
001 vtls010667074
003 SK-MaSNL
005 20260301134210.0
007 kf ao
008 240409s1965 xo g e 1 kuslo
035 |a 1244AE7A-32DA-43E6-9BF1-0242CD01FD11 
035 |a urn:nbn:sk:snk-kmxxah 
035 |a urn:nbn:sk:snk-km003ovw 
040 |a SNK  |b slo  |c SNK  |e AACR2 
041 0 |a slo 
043 |a e-xo--- 
044 |a xo  |c SK 
080 |a 656.132  |2 2001 
080 |a 656.2  |2 2001 
080 |a (437.6)  |2 2001 
080 |a (083.81)656  |2 2001 
080 |a (084.5)  |2 2001 
245 0 0 |a Cestovný poriadok k zabezpečeniu prepravy účastníkov osláv 150. výročia narodenia Ľudovíta Štúra v Uhrovci dňa 31. októbra 1965  |h grafika 
260 |a [S.l.  |b s.n.  |c 1965?] 
300 |a 1 plagát  |c 48 x 42 cm 
520 8 |a Zobrazenie: program 
648 7 |a 1965  |2 SNKPH  |9 332231 
650 0 7 |a autobusová doprava  |2 SNKPH  |9 70865 
650 0 7 |a železničná doprava  |2 SNKPH  |9 3185 
651 7 |a Uhrovec (Slovensko)  |2 SNKPH  |9 29315 
655 7 |a cestovné poriadky  |2 SNKPH  |9 70718 
655 7 |a plagáty  |2 SNKPH  |9 70571 
852 |a Slovenská národná knižnica 
958 |a CP 
958 |a GBN 
958 |a OND 
999 |c 756049  |d 757979 
952 |a SNKLM  |b SNKLM  |y NEVYP  |7 0  |p 17A1161682  |o snklm L 161/D1  |i snklm 50/1975  |0 0  |1 0  |4 0  |d 2015-04-20  |f 1  |l 0  |r 2026-02-23 23:48:26  |w 2026-02-23 
952 |a SNKLM  |b SNKLM  |y NEVYP  |7 0  |p 17A1161683  |o snklm L 161/D2  |i snklm 50/1975  |0 0  |1 0  |4 0  |d 2015-04-20  |l 0  |r 2026-02-23 23:48:26  |w 2026-02-23